| 000 | 00667nam a2200217 i 4500 | ||
|---|---|---|---|
| 001 | 158329 | ||
| 003 | ES-MaACL | ||
| 005 | 20230906211110.0 | ||
| 008 | 170627s1908 fr |||| | fre d | ||
| 100 | 1 |
_aGuiraud, Paul. _960892 |
|
| 245 | 1 | 0 |
_aHistoire romaine _b: la vie privée et la vie publique des romains / _cPaul Guiraud. |
| 250 | _a5e éd. | ||
| 260 |
_aParis : _bLibrairie Hachette, _c1908. |
||
| 300 |
_aXII, 712 p. ; _c18 cm. |
||
| 490 | 1 | _aLectures historiques | |
| 651 |
_aRoma- _xUsos y costumbres. _99321 |
||
| 651 | 4 |
_aRoma- _xHistoria. _99312 |
|
| 830 | 1 |
_aLectures historiques _9187766 |
|
| 852 |
_aES-MaACL _jB-2697 |
||
| 999 |
_c158329 _d158329 |
||